00880nam a2200205Ia 4500952010500000999001700105008004100122020001500163050001800178100004100196245008900237250001900326260007200345300003100417505013400448519004500582650002200627650001800649942000700667 00104070a04b04d2008-09-29l3oHV6441 A53p04 002171r2025-10-21s2025-06-10t1w2012-06-24yLB c62332d62332120625s1996 mx 001 0 spa d a9683649556 4aHV6441 bA53  aAndrade Sánchez, Eduardo e, autor10aInstrumentos jurídicos contra el crimen organizado c / Eduardo Andrade Sánchez  a1a. edición  aMéxicob : Universidad Nacional Auntónoma de México c , 1996 a142 páginas c ; 21 cm. 0 aCaracterísticas y dimensión de la delincuencia organizada Colombia Estados Unidos Francia Italia España Unión Europea  aMaterial Complementario / d(04 002171)  4aCRIMEN ORGANIZADO 4aDERECHO PENAL cLB